Statistiques concernant Le plus grande ville commençant par M dans ce pays

Cliquez ici pour prendre le quiz!

Statistiques générales

  • Ce quiz a été pris 250 fois
  • Le résultat moyen est 13 sur 21

Statistiques - réponses

PaysM-Ville% Correct
FranceMarseille
99%
Royaume-UniManchester
95%
BiélorussieMinsk
93%
CanadaMontreal
90%
RussieMoscou
89%
AllemagneMunich
89%
ItalieMilan
88%
MarocMarrakech
80%
SuèdeMalmö
70%
NicaraguaManagua
65%
IndeMumbai
64%
ColombieMedellin
63%
MozambiqueMaputo
61%
Arabie saouditeMédine
58%
BrésilManaus
45%
IrakMossoul
38%
États-UnisMemphis
36%
KenyaMombasa
26%
VenezuelaMaracaibo
24%
IranMashhad
16%
Bosnie-HerzegovineMostar
16%

Distribution des résultats

Percentile par nombre de réponses

% des personnes avec chaque résultat

Votre développement - résultats

Vous n’avez pas pris ce quiz